[Event "ch-SRB 2012"]
[Site "Vrnjacka Banja SRB"]
[Date "2012.05.01"]
[Round "9"]
[White "Indjic,A"]
[Black "Pikula,D"]
[Result "1-0"]
[WhiteElo "2430"]
[BlackElo "2525"]

1.d4 d5 2.c4 c6 3.Nf3 Nf6 4.Nc3 dxc4 5.a4 Bf5 6.Ne5 Nbd7 7.Nxc4 Nb6 8.Ne5 a5
9.f3 Nfd7 10.e4 Nxe5 11.exf5 Ned7 12.d5 g6 13.dxc6 bxc6 14.Qd4 Rg8 15.fxg6 Rxg6
16.Be3 Rd6 17.Qh4 Re6 18.Kf2 Nf6 19.Rd1 Qb8 20.Be2 Bg7 21.Qg3 Qxg3+ 22.hxg3 Rb8
23.Bf4 Ra8 24.Bd3 Nbd5 25.Nxd5 Nxd5 26.Rxh7 Bd4+ 27.Kf1 Bxb2 28.Rb1 Bc3 29.Rc1 Bd4
30.Rc4 Bf6 31.Bf5 Nxf4 32.Rxf4 Re5 33.Bc2 Rd8 34.Bb3 Rd3 35.Bxf7+ Kd8 36.Bc4 Rd1+
37.Kf2 Rd2+ 38.Kf1 Re3 39.g4 Bd4 40.g5 Rc3 41.Rxd4+ Rxd4 42.g6 Rc1+ 43.Kf2 Rd2+
44.Kg3 Rcc2 45.Rh2 Rd6 46.Bf7 Rc5 47.Kg4  1-0

[Event "NK Jeugd A 2012"]
[Site "Haarlem NED"]
[Date "2012.05.02"]
[Round "5.3"]
[White "Maatman,Nick"]
[Black "Pijpers,A"]
[Result "0-1"]
[WhiteElo "2068"]
[BlackElo "2338"]

1.d4 d5 2.c4 c6 3.Nf3 Nf6 4.Nc3 dxc4 5.a4 Bf5 6.Nh4 e6 7.Nxf5 exf5 8.e3 Bb4
9.Bxc4 O-O 10.O-O Qe7 11.Qf3 g6 12.a5 a6 13.Rd1 Nbd7 14.Bd2 Rad8 15.Ne2 Ne4
16.Bxb4 Qxb4 17.Bd3 Ndf6 18.Bxe4 Nxe4 19.Ng3 Ng5 20.Qf4 Ne6 21.Qe5 Rd5 22.Qf6 Rxa5
23.Rxa5 Qxa5 24.e4 Qa4 25.b3 Qxb3 26.Rf1 f4 27.Ne2 Qd3 28.d5 cxd5 29.exd5 Qxd5
30.Nxf4 Qd4 31.Qxd4 Nxd4 32.Rb1 Rd8 33.Kf1 b5  0-1

[Event "MMM Open 2012"]
[Site "Krakow POL"]
[Date "2012.05.04"]
[Round "7.3"]
[White "Mikrut,D"]
[Black "Gbyl,A"]
[Result "1/2-1/2"]
[WhiteElo "2359"]
[BlackElo "2223"]

1.d4 d5 2.c4 c6 3.Nf3 Nf6 4.Nc3 dxc4 5.a4 Bf5 6.e3 e6 7.Bxc4 Nbd7 8.O-O Bb4
9.Qe2 O-O 10.Rd1 Bg6 11.Bd3 Qe7 12.Bxg6 hxg6 13.e4 e5 14.d5 Rfe8 15.dxc6 bxc6
16.Bg5 Nc5 17.Bxf6 gxf6 18.Na2 Nb3 19.Rab1  1/2-1/2

[Event "85th ch-St Petersburg"]
[Site "St Petersburg RUS"]
[Date "2012.05.08"]
[Round "4"]
[White "Sichinava,Z"]
[Black "Goganov,A"]
[Result "0-1"]
[WhiteElo "2308"]
[BlackElo "2523"]

1.d4 d5 2.c4 c6 3.Nf3 Nf6 4.Nc3 dxc4 5.a4 Bf5 6.e3 e6 7.Bxc4 Bb4 8.O-O Nbd7
9.Qb3 a5 10.Bd2 O-O 11.Ne2 Bxd2 12.Nxd2 Rb8 13.Bd3 Bxd3 14.Qxd3 Nd5 15.e4 Nb4
16.Qh3 e5 17.Nf3 Qe7 18.Ng3 g6 19.Rad1 Rbd8 20.Qh6 f6 21.h4 exd4 22.h5 Qg7
23.Qxg7+ Kxg7 24.Nxd4 Kf7 25.Nb3 b6 26.f4 Rfe8 27.hxg6+ hxg6 28.Kf2 Nf8 29.Kf3 Ne6
30.Ne2 c5 31.g3 Nd3 32.Rd2 c4 33.Rfd1 Nxb2 34.Rxd8 Rxd8 35.Rxd8 Nxd8 36.Nd2 Nb7
37.Nc3 Nc5 38.Ke3 Ke6 39.Kd4 Nb3+ 40.Nxb3 cxb3 41.g4 Kd7 42.e5 fxe5+ 43.fxe5 Ke6
44.g5 Kf5 45.Kd5 Nd3 46.Kc6 Kxe5 47.Kxb6 Kd4 48.Nb1 b2 49.Kxa5 Kc5 50.Ka6 Ne5
51.Kb7 Nc4 52.Kc7 Kb4 53.Kd7 Kxa4  0-1

[Event "ch-CZE 2012"]
[Site "Kouty nad Desnou CZE"]
[Date "2012.05.12"]
[Round "1"]
[White "Zilka,S"]
[Black "Bartos,J"]
[Result "1-0"]
[WhiteElo "2513"]
[BlackElo "2235"]

1.d4 d5 2.c4 c6 3.Nf3 Nf6 4.Nc3 dxc4 5.a4 Bf5 6.Ne5 e6 7.f3 c5 8.e4 Bg6 9.Be3 cxd4
10.Qxd4 Qxd4 11.Bxd4 Nfd7 12.Nxd7 Nxd7 13.Bxc4 a6 14.Ke2 Rc8 15.Ba2 Rg8 16.Rhc1 Bc5
17.Bxc5 Rxc5 18.b4 Rc6 19.Nd1 Rxc1 20.Rxc1 Ke7 21.Nf2 Rb8 22.Nd3 Kd8 23.Nf4 Rc8
24.Rxc8+ Kxc8 25.h4 e5 26.Nxg6 fxg6 27.Be6 Kc7 28.Bxd7 Kxd7 29.Ke3 h6 30.f4 Ke6
31.fxe5 Kxe5 32.a5 g5 33.hxg5 hxg5 34.g3 g4 35.Kd3 Ke6 36.Kd4 Kd6 37.e5+ Ke6
38.Ke4 g6 39.Kd4 Ke7 40.Kd5 Kd7 41.e6+  1-0

[Event "German Team Cup 2012"]
[Site "Norderstedt GER"]
[Date "2012.05.13"]
[Round "2.4"]
[White "Gustafsson,J"]
[Black "Feuerstack,A"]
[Result "1-0"]
[WhiteElo "2625"]
[BlackElo "2427"]

1.d4 d5 2.c4 c6 3.Nc3 dxc4 4.Nf3 Nf6 5.a4 Bf5 6.Nh4 e6 7.Nxf5 exf5 8.e3 Bb4
9.Bxc4 O-O 10.O-O Nbd7 11.Qc2 g6 12.f3 Rc8 13.Kh1 Nb6 14.Ba2 Kg7 15.Bd2 f4
16.e4 Qxd4 17.Bxf4 Nh5 18.Rad1 Qf6 19.Be3 Rcd8 20.Ne2 Qe7 21.a5 Nc8 22.a6 Nf6
23.Nd4 c5 24.axb7 Qxb7 25.Nb3 Qa6 26.Ra1 Qd3 27.Qf2 Nd7 28.Rfd1 Qb5 29.Qh4 h5
30.Qg5 Qc6 31.Nd4 cxd4 32.Qh6+ Kf6 33.Bg5+ Ke5 34.Bxd8 f6 35.Bd5 Bd6 36.f4+  1-0

[Event "21st CRO-Cup"]
[Site "Sibenik CRO"]
[Date "2012.05.18"]
[Round "4.32"]
[White "Lalic,B"]
[Black "Kuljasevic,D"]
[Result "1/2-1/2"]
[WhiteElo "2507"]
[BlackElo "2574"]

1.d4 d5 2.c4 c6 3.Nf3 Nf6 4.Nc3 dxc4 5.a4 Bf5 6.Ne5 Nbd7 7.Nxc4 Nb6 8.Ne5 a5
9.Bg5 g6 10.e3 Bg7 11.Bd3 Be6 12.Be2 Nbd7 13.Nd3 Qb6 14.O-O O-O 15.Qb1 c5
16.Nf4 Bb3 17.Ra3 cxd4 18.exd4 e5 19.Bxf6 Nxf6 20.dxe5 Nd7 21.Ncd5 Bxd5 22.Nxd5 Qc5  1/2-1/2

[Event "30th Liechtenstein Open 2012"]
[Site "Triesen LIE"]
[Date "2012.05.19"]
[Round "9.18"]
[White "Rous,D"]
[Black "Bezler,R"]
[Result "0-1"]
[WhiteElo "1911"]
[BlackElo "2216"]

1.Nf3 Nf6 2.d4 d5 3.c4 c6 4.Nc3 dxc4 5.a4 Bf5 6.e3 e6 7.Bxc4 Bb4 8.O-O O-O
9.Qb3 Qb6 10.Bd2 Nbd7 11.Ne4 Be7 12.Ng3 Qxb3 13.Bxb3 Bg6 14.Rfd1 h6 15.Rac1 Rfd8
16.a5 c5 17.Ne5 Nxe5 18.dxe5 Ne4 19.Nxe4 Bxe4 20.Bc3 b5 21.axb6 axb6 22.Ra1 Rxd1+
23.Rxd1 b5 24.f3 Bc6 25.Bc2 b4 26.Bd2 c4 27.Bb1 Rd8 28.Bc2 b3 29.Be4 Bxe4
30.fxe4 Bb4 31.Bxb4 Rxd1+ 32.Kf2 Rc1  0-1

[Event "ch-CZE 2012"]
[Site "Kouty nad Desnou CZE"]
[Date "2012.05.20"]
[Round "9"]
[White "Cernousek,L"]
[Black "Straka,V"]
[Result "1-0"]
[WhiteElo "2440"]
[BlackElo "2259"]

1.d4 d5 2.c4 c6 3.Nf3 Nf6 4.Nc3 dxc4 5.a4 Bf5 6.Ne5 e6 7.f3 Bb4 8.Nxc4 c5
9.dxc5 Qxd1+ 10.Kxd1 O-O 11.e4 Bg6 12.Nd6 b6 13.cxb6 axb6 14.Ndb5 Na6 15.Be3 Nd7
16.Ke1 Nac5 17.Kf2 f5 18.exf5 Bxf5 19.Nd4 Ne5 20.Nxf5 Rxf5 21.Bxc5 Bxc5+
22.Ke1 Bb4 23.Kd2 Rc8 24.Ba6 Rc7 25.Ke2 Bxc3 26.bxc3 Rxc3 27.Rhc1 Rb3 28.Rcb1 Rxb1
29.Rxb1 Nd7 30.Bc8 Nc5 31.Rxb6 Re5+ 32.Kf1 Nxa4 33.Bxe6+ Kf8 34.Rc6 Nc5 35.Bc4 Nd7
36.Rc8+ Ke7 37.Bd3 h6 38.Kf2 Ra5 39.Rc2 Ne5 40.Be4 Ra3 41.Kg3 Kf6 42.Rb2 Ra6
43.Rb7 Rd6 44.h4 Nd7 45.Kg4 Nc5 46.Rb5 Nxe4 47.fxe4 Rd1 48.Rb6+ Ke5 49.Rb7 Rg1
50.g3 h5+ 51.Kf3 Kf6 52.Rb6+ Kf7 53.Rb5 g6 54.Rb7+ Kf6 55.Rb6+ Kf7 56.Kf4 Re1
57.Kg5 Rxe4 58.Rf6+ Kg7 59.Rxg6+ Kh7 60.Rh6+ Kg7 61.Rg6+ Kh7 62.Kxh5 Re5+
63.Rg5 Re7 64.Rd5 Ra7 65.g4 Rb7 66.Rd6 Rb5+ 67.g5 Rb7 68.Rd5 Ra7 69.g6+ Kg7
70.Kg5 Rb7 71.h5 Rb8 72.h6+ Kg8 73.Rd6  1-0

[Event "Caissa IM May 2012"]
[Site "Kecskemet HUN"]
[Date "2012.05.22"]
[Round "4.1"]
[White "Kojima,S"]
[Black "Hajnal,Z"]
[Result "1/2-1/2"]
[WhiteElo "2264"]
[BlackElo "2401"]

1.Nf3 d5 2.d4 Nf6 3.c4 c6 4.Nc3 dxc4 5.a4 Bf5 6.e3 e6 7.Bxc4 Bb4 8.O-O O-O
9.Qe2 Ne4 10.Bd3 Bxc3 11.Bxe4 Bb4 12.Bxf5 exf5 13.Qc2 Qd5 14.Ne5 g6 15.Rd1 f6
16.Nd3 Bd6 17.b3 a5  1/2-1/2

[Event "50th ch-IND Challengers 2012"]
[Site "Tirupati IND"]
[Date "2012.05.22"]
[Round "7.4"]
[White "Murali Krishnan,B"]
[Black "Dahale,A"]
[Result "1/2-1/2"]
[WhiteElo "2337"]
[BlackElo "2124"]

1.d4 d5 2.c4 c6 3.Nc3 Nf6 4.Nf3 dxc4 5.a4 Bf5 6.e3 e6 7.Bxc4 Bb4 8.O-O Nbd7
9.Nh4 Bg4 10.f3 Nd5 11.Qe1 Be7 12.fxg4 Bxh4 13.Qe2 O-O 14.e4 Nb4 15.a5 c5
16.d5 Ne5 17.Rd1 Qf6 18.Rf1 Qd8 19.Rd1 Qf6 20.Rf1 Qd8 21.Rd1 Qf6  1/2-1/2

[Event "29th BSG Pinkster Open"]
[Site "Bussum NED"]
[Date "2012.05.26"]
[Round "3.4"]
[White "Galje,H"]
[Black "Wunnink,M"]
[Result "1/2-1/2"]
[WhiteElo "2100"]
[BlackElo "2265"]

1.d4 d5 2.c4 c6 3.Nf3 Nf6 4.Nc3 dxc4 5.a4 Bf5 6.e3 e6 7.Bxc4 Bb4 8.O-O Nbd7
9.Qe2 Bg6 10.e4 O-O 11.Bd3 Bh5 12.e5 Nd5 13.Nxd5 cxd5 14.Qe3 Re8 15.Ng5 Bg6
16.f4 Rc8 17.Qh3 Nf8 18.g4 Be7 19.Bb5 Nd7 20.Bxd7 Qxd7 21.f5 exf5 22.gxf5 Bxg5
23.Bxg5 Rc2 24.e6 fxe6 25.fxg6 hxg6 26.Qd3 Rxb2 27.Qxg6 e5 28.Bf6 exd4 29.Rac1 Rf8
30.Bxd4 Rxf1+ 31.Rxf1 Rb4 32.Rf4 Qe7 33.Qf5 Rb1+ 34.Rf1 Rxf1+ 35.Kxf1 Qa3
36.Qxd5+ Kh7 37.Qe5 Qc1+ 38.Kg2 Qc2+ 39.Kf3 Qd3+ 40.Kf4 Qf1+ 41.Ke4 Qg2+
42.Kd3 Qf1+ 43.Ke4 Qg2+ 44.Kd3 Qf1+ 45.Qe2 Qb1+  1/2-1/2

[Event "29th BSG Pinkster Open"]
[Site "Bussum NED"]
[Date "2012.05.26"]
[Round "3.8"]
[White "Riemersma,L"]
[Black "Van Renswoude,J"]
[Result "1-0"]
[WhiteElo "2425"]
[BlackElo "2034"]

1.d4 d5 2.c4 c6 3.Nf3 Nf6 4.Nc3 dxc4 5.a4 Bf5 6.Ne5 Nbd7 7.Nxc4 Qc7 8.g3 e5
9.dxe5 Nxe5 10.Bf4 Nfd7 11.Bg2 f6 12.O-O Be6 13.Nxe5 Nxe5 14.Qc2 Qf7 15.Ne4 Be7
16.Nc5 Bxc5 17.Qxc5 Qe7 18.Qc3 Bf7 19.Bxe5 fxe5 20.Bxc6+ Kf8 21.Bg2 h5 22.Rac1 Rh6
23.Qc7 Qxc7 24.Rxc7 Rb6 25.f4  1-0

[Event "Vlado Andriusaicio Rapid A 2012"]
[Site "Vilnius LTU"]
[Date "2012.05.26"]
[Round "4"]
[White "Malisauskiene,M"]
[Black "Laurusas,T"]
[Result "0-1"]
[WhiteElo "2036"]
[BlackElo "2410"]

1.d4 d5 2.Nf3 Nf6 3.c4 c6 4.Nc3 dxc4 5.a4 Bf5 6.e3 e6 7.Bxc4 Bb4 8.O-O O-O
9.Qe2 Nbd7 10.h3 Bg6 11.Bd2 a5 12.Rfd1 Qe7 13.Bd3 Bxd3 14.Qxd3 e5 15.dxe5 Nxe5
16.Qe2 Rad8 17.Be1 Ned7 18.Nd4 Nc5 19.Qc4 Nfd7 20.b3 Ne5 21.Qe2 h6 22.Rab1 Rd7
23.Na2 Bxe1 24.Qxe1 Ra8 25.Qc3 Ne4 26.Qc2 Nf6 27.Rbc1 Rad8 28.Qc5 Qxc5 29.Rxc5 Rd5
30.Rxd5 Rxd5 31.Nc3 Rd6 32.Nf5 Rxd1+ 33.Nxd1 Ne4 34.Nb2 Kf8 35.f4 Nd7 36.Nd3 Ndc5
37.Nxc5 Nxc5 38.Nd4 Ke7 39.Kf1 Kd6 40.Ke2 Kd5 41.Kd2 Ke4 42.Ke2 g6 43.Kd2 h5
44.g4 hxg4 45.hxg4 f6 46.Ke2 g5 47.fxg5 fxg5 48.Kd2 Ke5 49.Nf3+ Kf6 50.Nd4 Ne4+
51.Ke2 Ke5 52.Nf3+ Kd5 53.Nd4 b6 54.Ke1 Nf6 55.Nf3 Nxg4 56.Ke2 Kc5 57.Nxg5 Kb4
58.Nf3 Kxb3 59.Nd4+ Kxa4 60.Nxc6 Kb3 61.Kd3 a4 62.Nd4+ Kb2 63.e4 a3  0-1

[Event "50th ch-IND Challengers 2012"]
[Site "Tirupati IND"]
[Date "2012.05.27"]
[Round "12.2"]
[White "Rajesh,VA"]
[Black "Ghosh,D"]
[Result "1/2-1/2"]
[WhiteElo "2364"]
[BlackElo "2418"]

1.d4 d5 2.c4 c6 3.Nf3 Nf6 4.Nc3 dxc4 5.a4 Bf5 6.e3 e6 7.Bxc4 Bb4 8.O-O O-O
9.Qe2 Ne4 10.Nxe4 Bxe4 11.Rd1 Nd7 12.Bd3 Bxd3 13.Qxd3 Qe7 14.a5 Rad8 15.e4 h6
16.Be3 a6 17.Qb3 Nf6 18.Qc2 c5 19.dxc5 Rxd1+ 20.Rxd1 Ng4 21.Bd4 e5 22.Qc4 Bxa5
23.Be3 Nxe3 24.fxe3 b5 25.cxb6  1/2-1/2

[Event "29th BSG Pinkster Open"]
[Site "Bussum NED"]
[Date "2012.05.28"]
[Round "6.4"]
[White "Wunnink,M"]
[Black "Riemersma,L"]
[Result "1-0"]
[WhiteElo "2265"]
[BlackElo "2425"]

1.d4 d5 2.c4 c6 3.Nc3 Nf6 4.Nf3 dxc4 5.a4 Bf5 6.Ne5 Nbd7 7.Nxc4 Qc7 8.g3 e5
9.dxe5 Nxe5 10.Bf4 Nfd7 11.Bg2 g5 12.Ne3 gxf4 13.Nxf5 O-O-O 14.Qc2 Kb8 15.O-O fxg3
16.hxg3 h5 17.Rfc1 Ng4 18.Nb5 Qe5 19.Nbd4 Bc5 20.e3 Nh6 21.Qb3 Bb6 22.Nxh6 Rxh6
23.Nxc6+ bxc6 24.a5 Nc5 25.Qc4 Rf6 26.axb6 axb6 27.Qb4 Kc7 28.Ra7+ Nb7 29.Ra6 c5
30.Qb5 Qe8 31.Qc4 Rd2 32.Ra7 Rfxf2 33.Bxb7 Qxe3 34.Bf3+ Kd6 35.Rd7+ Kxd7
36.Qxf7+ Qe7 37.Qf5+ Qe6 38.Qh7+ Qe7 39.Qf5+ Qe6 40.Qh7+ Kd6 41.Qb7 Rxb2
42.Rd1+ Rfd2 43.Qb8+ Ke7 44.Qc7+ Qd7 45.Re1+ Kf6 46.Qe5+ Kg6 47.Bxh5+ Kh6
48.Qh8+ Qh7 49.Re6+ Kg5 50.Qf6+ Kxh5 51.Qh4+  1-0

[Event "Albena Masters Open 2012"]
[Site "Albena BUL"]
[Date "2012.06.01"]
[Round "7.13"]
[White "Ashwin,J"]
[Black "Nikolova,A"]
[Result "1-0"]
[WhiteElo "2471"]
[BlackElo "2345"]

1.d4 d5 2.c4 c6 3.Nf3 Nf6 4.Nc3 dxc4 5.a4 Bf5 6.Ne5 e6 7.f3 Bb4 8.Nxc4 O-O
9.Kf2 c5 10.e4 Bxc3 11.bxc3 Bxe4 12.Ba3 Bd5 13.Bxc5 Bxc4 14.Bxc4 Re8 15.a5 Qc7
16.Qe2 Nbd7 17.Bb4 Rac8 18.Bb3 Nb8 19.Qe5 Na6 20.Rhc1 Nxb4 21.Qxc7 Rxc7 22.cxb4 Rec8
23.Rc5 Nd7 24.Rxc7 Rxc7 25.d5 exd5 26.Bxd5 Nf6 27.Bb3 Rc3 28.Rb1 Kf8 29.Ke2 Ke7
30.Kd2 Rc7 31.Re1+ Kd6 32.Re3 Nh5 33.g3 g6 34.Rc3 Re7 35.Rd3+ Kc7 36.Re3 Rd7+
37.Rd3 Re7 38.Rd4 Ng7 39.Rh4 h5 40.Rc4+ Kd6 41.Rd4+ Kc7 42.Rc4+ Kd6 43.Rd4+ Kc7
44.Kd3 Nf5 45.Re4 Rd7+ 46.Kc3 Nd6 47.Re5 Nc8 48.Rc5+ Kd8 49.Rd5 f6 50.Rxd7+ Kxd7
51.Bf7 Ne7 52.Kc4 Kd6 53.Kd4 Nc6+ 54.Ke4 Ne5 55.Be8 Ke7 56.f4 Nc6 57.Bxg6 h4
58.gxh4 Kf8 59.h5 Kg7 60.b5 Nxa5 61.Kd5 Nb3 62.Bc2 Nd2 63.Kd6 Nf3 64.Kc7 Nd4
65.Bd3 Ne6+ 66.Kb8 Nxf4 67.Bc4 Ng2 68.Kxb7 Ne3 69.Bd3 Ng4 70.Kxa7 Ne5 71.Bf5 Nc4
72.Be6 Nd6 73.b6 f5 74.Bxf5 Kf6 75.h6 Kf7 76.Be6+ Kg6 77.Kb8 Nb5 78.Kc8 Kxh6
79.Kd7  1-0

[Event "10th IM Int"]
[Site "Sao Jose do Rio Preto BRA"]
[Date "2012.06.01"]
[Round "4.5"]
[White "Barreto Filho,C"]
[Black "Alonso,Rap2"]
[Result "1/2-1/2"]
[WhiteElo "2346"]
[BlackElo "2162"]

1.d4 d5 2.c4 c6 3.Nc3 Nf6 4.Nf3 dxc4 5.a4 Bf5 6.e3 e6 7.Bxc4 Bb4 8.O-O Nbd7
9.Qb3 a5 10.Na2 Be7 11.Qxb7 Rb8 12.Qxc6 Rc8 13.Qa6 Ra8 14.Qb7 Rb8 15.Qc6 Rc8
16.Qb5 Rb8  1/2-1/2

[Event "Albena Masters Open 2012"]
[Site "Albena BUL"]
[Date "2012.06.02"]
[Round "8.16"]
[White "Li Shilong"]
[Black "Mammadov,Z"]
[Result "1-0"]
[WhiteElo "2553"]
[BlackElo "2393"]

1.d4 d5 2.c4 c6 3.Nf3 Nf6 4.Nc3 dxc4 5.a4 Bf5 6.Ne5 Na6 7.f3 Nd7 8.Nxc4 e5
9.dxe5 Qh4+ 10.g3 Qxc4 11.e4 Qe6 12.exf5 Qxe5+ 13.Kf2 Nb4 14.Bh3 O-O-O 15.f6 Qa5
16.Kg2 gxf6 17.Bf4 f5 18.Nb5 Nd5 19.Qxd5 cxd5 20.Rac1+ Nc5 21.Bxf5+ Rd7 22.Rhe1 Qxe1
23.Rxe1 Ne6 24.Be5 Rg8 25.Bxh7 Rg5 26.Nxa7+ Kd8 27.Bf6+ Be7 28.Bxg5 Bxg5
29.Bf5 Ke7 30.Nb5 Bf6 31.b3 d4 32.Kf2 Rd5 33.Bd3 Rh5 34.h4 Kf8 35.Bc4 Nc5
36.f4 d3 37.Kf3 Be7 38.Re5 Rxe5 39.fxe5 d2 40.Ke2 Ne4 41.Bd5 Nxg3+ 42.Kxd2 b6
43.Nd6 Bxh4 44.Nxf7 Nf5 45.Kd3 Ke7 46.Ke4 Ng3+ 47.Kf3 Nf5 48.Kf4 Nd4 49.Nd6 Kd7
50.Ke4 Bf2 51.b4 Nc2 52.b5 Bc5 53.Nf5 Na3 54.e6+ Kd8 55.Kd3 Bb4 56.Ba2 Ke8
57.Nd4 Be7 58.Nc6 Bf6 59.Bc4 Kf8 60.a5 Nxb5 61.Bxb5 bxa5 62.Ke4 Bg5 63.Kf5 Bh4
64.Ba4 Ke8 65.Ne5+ Kd8 66.Ng6  1-0

[Event "Albena Masters Open 2012"]
[Site "Albena BUL"]
[Date "2012.06.02"]
[Round "8.31"]
[White "Radulov,I"]
[Black "Stachanczyk,J"]
[Result "1/2-1/2"]
[WhiteElo "2309"]
[BlackElo "2243"]

1.Nf3 d5 2.d4 Nf6 3.c4 c6 4.Nc3 dxc4 5.a4 Bf5 6.e3 e6 7.Bxc4 Bb4 8.O-O O-O
9.Qb3 Qe7 10.a5 c5 11.Ne5 cxd4 12.exd4 Nc6 13.Nxc6 bxc6 14.h3 Rab8 15.Qa4 c5
16.Be3 cxd4 17.Bxd4 Rfd8 18.Be5 Bd6 19.Bxd6 Qxd6 20.Rad1 Qc5 21.Rxd8+ Rxd8
22.Rd1 Rxd1+ 23.Nxd1 h5  1/2-1/2

[Event "Asian Junior Open 2012"]
[Site "Tashkent UZB"]
[Date "2012.06.04"]
[Round "6.7"]
[White "Saiyn,Z"]
[Black "Saeed,I"]
[Result "1/2-1/2"]
[WhiteElo "2180"]
[BlackElo "2240"]

1.d4 d5 2.Nf3 Nf6 3.c4 c6 4.Nc3 dxc4 5.a4 Bf5 6.Ne5 Nbd7 7.Nxc4 Nb6 8.e3 e6
9.f3 Bb4 10.Qb3 a5 11.e4 Bg6 12.Be3 Nfd7 13.Be2 Nxc4 14.Bxc4 O-O 15.O-O Qc7
16.Rad1 Rac8 17.Rc1 Rfe8 18.Bd3 Qb8 19.f4 Nf6 20.Qc2 c5 21.f5 cxd4 22.Bxd4 Ng4
23.g3 Bh5 24.Kh1 Qd6 25.Bg1 Ne5 26.Bb5 Red8 27.fxe6 Qxe6 28.Be2 Bg6 29.Rcd1 Rxd1
30.Rxd1 h6 31.Bd4 Ng4 32.Bf3 Ne5 33.Bg2 Re8 34.Re1 Qg4 35.Qe2 Qxe2 36.Rxe2 Nc6
37.Bb6 Bd6 38.Rd2 Re6 39.Bh3 Rf6 40.Bc8 Ne5 41.Bd8 Nc4 42.Bxf6 Nxd2 43.Bd8 Nxe4
44.Bxb7  1/2-1/2

[Event "5th Mayors Cup 2012"]
[Site "Mumbai IND"]
[Date "2012.06.07"]
[Round "1.15"]
[White "Podolchenko,E"]
[Black "Raja,H"]
[Result "1-0"]
[WhiteElo "2464"]
[BlackElo "1684"]

1.d4 d5 2.c4 c6 3.Nf3 Nf6 4.Nc3 dxc4 5.a4 Bf5 6.Ne5 Nbd7 7.Nxc4 Qc7 8.Qd2 O-O-O
9.Qf4 Qxf4 10.Bxf4 Be6 11.e4 Nb6 12.Nxb6+ axb6 13.d5 Bd7 14.a5 b5 15.Nxb5 e5
16.Bxe5 cxb5 17.Rc1+ Bc6 18.Bxf6 gxf6 19.Bxb5 Bb4+ 20.Ke2 Rhe8 21.dxc6 Rxe4+
22.Kf3 Re5 23.cxb7+ Kxb7 24.Bc6+ Ka6 25.Be4 Rd4 26.Bxh7 Rf5+  1-0

[Event "OKU Open GpA 2012"]
[Site "Utrecht NED"]
[Date "2012.06.09"]
[Round "3.6"]
[White "Sparreboom,W"]
[Black "Balje,J"]
[Result "1/2-1/2"]
[WhiteElo "1964"]
[BlackElo "2175"]

1.d4 d5 2.Nf3 Nf6 3.c4 c6 4.Nc3 dxc4 5.a4 Bf5 6.e3 e6 7.Bxc4 Bb4 8.O-O O-O
9.Ne5 Nbd7 10.Qe2 Qa5 11.Nxd7 Nxd7 12.e4 Bg6 13.f4 Nf6 14.Bd3 Rad8 15.e5 Bxc3
16.bxc3 Qxc3 17.Bxg6 Qxa1 18.Bb2 Qxa4 19.Bc2 Qb4 20.exf6 g6 21.Ba1 Rxd4 22.Bxd4 Qxd4+
23.Qf2 Qxf6 24.Qxa7 Rd8 25.Qa1 Qxa1 26.Rxa1 Rd2 27.Be4 f5 28.Bf3 Rb2 29.Ra8+ Kf7
30.Rb8 Rb5 31.Kf2 Kf6 32.h4 e5 33.fxe5+ Kxe5 34.Rh8 h5 35.Rh6 Rb2+ 36.Kg1 Rb4
37.Rxg6 Rxh4 38.Rh6 Rb4 39.Rxh5 Kf6 40.Rh7 Ke5 41.Kf2 Rb3 42.Ke2 Kd4 43.Rd7+ Ke5
44.Kd2 Rb5 45.Kc3 b6 46.Rc7 Rc5+ 47.Kd3 Kd6 48.Rc8 b5 49.Re8 Rc4 50.Rc8 Kd7
51.Rh8 Kd6 52.Rh6+ Kd7 53.Rf6 Rc5 54.Kd4 Rc4+ 55.Ke5 b4 56.Rf7+ Kc8 57.Kxf5 b3
58.Be2 b2 59.Bd3 Rc1 60.g4 Rd1 61.Be4 Re1 62.Bd3  1/2-1/2

[Event "5th Mayors Cup 2012"]
[Site "Mumbai IND"]
[Date "2012.06.12"]
[Round "8.23"]
[White "Murali Krishnan,B"]
[Black "Nimmy,A"]
[Result "0-1"]
[WhiteElo "2337"]
[BlackElo "2199"]

1.d4 d5 2.c4 c6 3.Nc3 Nf6 4.Nf3 dxc4 5.a4 Bf5 6.e3 e6 7.Bxc4 Bb4 8.O-O Nbd7
9.Qe2 Bg6 10.Rd1 O-O 11.Ne5 Nxe5 12.dxe5 Nd7 13.f4 a5 14.e4 Qe7 15.g4 f6
16.exf6 Nxf6 17.f5 Bf7 18.e5 Nd5 19.Nxd5 cxd5 20.Bd3 Bc5+ 21.Kh1 Be8 22.Rf1 Bc6
23.h3 Rae8 24.Bf4 Bd4 25.Rae1 Qb4 26.fxe6 Qxb2 27.Bd2 Rxf1+ 28.Rxf1 Bxe5
29.Qf2 Bd6 30.Qf7+ Kh8 31.e7 g6 32.Qf2 Bxe7 33.Kg1 Rf8 34.Qe3 Rxf1+ 35.Bxf1 Bf6
36.Qf3 Qe5  0-1

[Event "5th Mayors Cup 2012"]
[Site "Mumbai IND"]
[Date "2012.06.13"]
[Round "9.15"]
[White "Podolchenko,E"]
[Black "Bai,Jinshi"]
[Result "1/2-1/2"]
[WhiteElo "2464"]
[BlackElo "2262"]

1.d4 d5 2.c4 c6 3.Nf3 Nf6 4.Nc3 dxc4 5.a4 Bf5 6.Ne5 Nbd7 7.Nxc4 Qc7 8.Qd2 g6
9.f3 e5 10.dxe5 Nxe5 11.Qf4 Nfd7 12.e4 Be6 13.Nxe5 Nxe5 14.Qf6 Rg8 15.Qh4 h6
16.Be2 Qb6 17.f4 Nd7 18.a5 Qd4 19.Ra4 Bb4 20.Bd2 g5 21.Qg3 Nc5 22.Rxb4 Qxb4
23.f5 O-O-O 24.fxe6 Rxd2 25.exf7 Rxe2+ 26.Kxe2 Qxb2+ 27.Ke1 Rd8 28.Qh3+ Kb8
29.Qe3 Qc2 30.Qxc5 Qd2+  1/2-1/2

[Event "5th Mayors Cup 2012"]
[Site "Mumbai IND"]
[Date "2012.06.14"]
[Round "10.21"]
[White "Sanjay,N"]
[Black "Akash Pc,I"]
[Result "1-0"]
[WhiteElo "2343"]
[BlackElo "2190"]

1.Nf3 Nf6 2.c4 c6 3.d4 d5 4.Nc3 dxc4 5.a4 Bf5 6.Ne5 Nbd7 7.Nxc4 e6 8.f3 a5
9.e4 Bg6 10.Be3 Bb4 11.Be2 Nb6 12.Ne5 Nfd7 13.Nxd7 Nxd7 14.O-O O-O 15.Qb3 Qb6
16.Bf2 Rfe8 17.Rfd1 Qc7 18.Rac1 Kh8 19.Bf1 f5 20.Bd3 Bd6 21.e5 Bb4 22.Bc4 Bf7
23.Ne2 Nb6 24.Nf4 Qd7 25.h4 Nd5 26.Bxd5 exd5 27.Qe3 Be6 28.b3 b6 29.Qe2 Rf8
30.Be3 Be7 31.Qf2 Rac8 32.Nd3 Qd8 33.Nf4 Qd7 34.Qg3 g6 35.Nd3 Rf7 36.Bg5 Qd8
37.Nf4 Qd7 38.Bxe7 Qxe7 39.Qg5 Kg7 40.Rc2 Bd7 41.e6 Bxe6 42.Re2 Rf6 43.Nxe6+ Qxe6
44.Rxe6 Rxe6 45.Qf4 h6 46.Rd3 Rce8 47.Qc7+ R8e7 48.Qxb6 f4 49.Rc3  1-0

[Event "16th Voronezh Master Open"]
[Site "Voronezh RUS"]
[Date "2012.06.14"]
[Round "3.40"]
[White "Baraeva,I"]
[Black "Demianjuk,A"]
[Result "1/2-1/2"]
[WhiteElo "2169"]
[BlackElo "2300"]

1.d4 d5 2.Nf3 c6 3.c4 Nf6 4.Nc3 dxc4 5.a4 Bf5 6.e3 e6 7.Bxc4 Bb4 8.O-O Nbd7
9.Qb3 Qb6 10.h3 O-O 11.Bd2 a5 12.Nh4 Bg6 13.Nxg6 hxg6 14.Rad1 Qc7 15.Qc2 Nb6
16.Bb3 Rad8 17.Ne4 Nxe4 18.Qxe4 Qd6 19.Bxb4 Qxb4 20.Qc2 Rd7 21.Rd3 Rfd8 22.Rfd1 Nd5
23.Bxd5 Rxd5 24.b3 g5 25.Qc4 e5 26.Qxb4 axb4 27.Kf1 c5 28.Ke2 cxd4 29.exd4 e4
30.R3d2 Rc8 31.f3 exf3+ 32.Kxf3 f5 33.Rd3 Kf7 34.Re1 Kf6 35.Re2 Rc6 36.Re8 b5
37.Rb8 bxa4 38.Rxb4 axb3 39.Rdxb3 Re6 40.Rd3 Re4 41.Rd2 g4+ 42.hxg4 Rxg4
43.Rc4 Rd6 44.Ra4 Re4 45.Rc4 g5 46.Kg3 Kg6 47.Ra4 Kh5  1/2-1/2

[Event "5th Mayors Cup 2012"]
[Site "Mumbai IND"]
[Date "2012.06.15"]
[Round "11.9"]
[White "Grover,S"]
[Black "Saravana,Kr"]
[Result "1/2-1/2"]
[WhiteElo "2506"]
[BlackElo "2326"]

1.d4 d5 2.c4 c6 3.Nf3 Nf6 4.Nc3 dxc4 5.a4 Bf5 6.Ne5 Nbd7 7.Nxc4 Nb6 8.Ne5 a5
9.e3 g6 10.Bd3 Bxd3 11.Nxd3 Bg7 12.O-O O-O 13.Qb3 Nfd7 14.Ne2 e5 15.Nxe5 Nxe5
16.dxe5 Bxe5 17.e4 Bc7 18.Be3 Qd6 19.Ng3 Qb4 20.Qxb4 axb4 21.b3 Rfe8 22.Rfd1 h5
23.f3 Ra5 24.Rac1 f5 25.Bd2 Bxg3 26.Bxb4 Rae5 27.hxg3 fxe4 28.Rd6 Nd5 29.Bc5 exf3
30.gxf3 Rg5 31.Kf2 Rge5 32.Rc2 R5e6 33.Rd7 b6 34.Bd4 Nb4 35.Rd2 Nd5 36.b4 Ra8
37.b5 Ne7 38.Re2 Rxe2+ 39.Kxe2 Kf7 40.bxc6 Ke6 41.Bxb6 Nxc6 42.Rg7 Rxa4 43.Rxg6+ Kd7
44.Rg5 h4 45.g4 Ke6 46.Rh5 Ne5 47.Bc5 Rc4 48.Rh6+ Kd5 49.Be7 Rc2+ 50.Kd1 Rh2
51.Rd6+ Kc4 52.Rf6 Kd3 53.Ke1 Nc4 54.Kf1 h3 55.Kg1 Rg2+ 56.Kh1 Nd2 57.Bb4 Nf1
58.Bd6 Ke2 59.Rh6 Kf2 60.Bc5+ Kxf3 61.Rxh3+ Ng3+ 62.Rxg3+ Rxg3 63.Bd6 Rh3+
64.Kg1 Rh6 65.Bb8 Rb6 66.Be5 Rb1+ 67.Kh2 Re1 68.Bc7 Re2+ 69.Kh1 Kxg4 70.Kg1  1/2-1/2

[Event "65th ch-RUS HL"]
[Site "Tyumen RUS"]
[Date "2012.06.16"]
[Round "1"]
[White "Timofeev,Arty"]
[Black "Ulanov,A"]
[Result "1-0"]
[WhiteElo "2641"]
[BlackElo "2392"]

1.d4 d5 2.c4 c6 3.Nf3 Nf6 4.Nc3 dxc4 5.a4 Bf5 6.e3 e6 7.Bxc4 Bb4 8.O-O O-O
9.Nh4 Nbd7 10.h3 Bg6 11.Nxg6 hxg6 12.Qc2 Qe7 13.a5 Rfc8 14.Rd1 b5 15.axb6 axb6
16.Rxa8 Rxa8 17.Be2 Ra5 18.Qb3 e5 19.Na2 Bd6 20.Bd2 Ra8 21.Nb4 Rc8 22.d5 Bxb4
23.Bxb4 Nc5 24.d6 Qe6 25.Qc2 Nfd7 26.Bxc5 Nxc5 27.b4 Nb7 28.Ba6 Qd7 29.b5 cxb5
30.Qe4 Rb8 31.Bxb7  1-0

[Event "3rd Mediterranean Open"]
[Site "Terrasini ITA"]
[Date "2012.06.26"]
[Round "3"]
[White "Lo Piccolo,Antonino"]
[Black "Rizzardi,F"]
[Result "0-1"]
[WhiteElo "1862"]
[BlackElo "2026"]

1.d4 d5 2.c4 c6 3.Nc3 Nf6 4.Nf3 dxc4 5.a4 Bf5 6.e3 e6 7.Bxc4 Bb4 8.O-O Nbd7
9.Qb3 Qb6 10.Bd2 a5 11.Rfd1 O-O 12.Nh4 Bg4 13.f3 Bh5 14.g4 Bg6 15.Nxg6 hxg6
16.Be1 Nd5 17.Bf2 Rad8 18.Nxd5 exd5 19.Bd3 Bd6 20.Qxb6 Nxb6 21.Rdc1 Rfe8
22.b3 Bb4 23.Ra2 Bd6 24.Re2 Re6 25.Bg3 Nc8 26.Bxd6 Rdxd6 27.Rc5 b6 28.Rc3 Ne7
29.Kf2 g5 30.Rb2 Rh6 31.Kg1 Rh3 32.Rf2 Rf6 33.f4 Re6 34.Bc2 gxf4 35.Rxf4 Rexe3
36.Rxe3 Rxe3 37.Kg2 Ng6 38.Rf2 Nh4+ 39.Kf1 Nf3  0-1